[Event "III EUICC"]
[Site "Arvier ITA"]
[Date "2007.06.21"]
[Round "7"]
[White "Schaefer,Mi1"]
[Black "Bruno,Fabi"]
[Result "1/2-1/2"]
[WhiteElo "2228"]
[BlackElo "2428"]

1.d4 d5 2.c4 c6 3.Nc3 Nf6 4.e3 e6 5.Nf3 a6 6.Bd3 dxc4 7.Bxc4 b5 8.Bd3 Bb7
9.a4 Nbd7 10.O-O b4 11.Ne4 c5 12.Ned2 cxd4 13.exd4 Be7 14.a5 O-O 15.Qe2 Qc7
16.Nc4 Be4 17.Bxe4 Nxe4 18.Nfe5 Nef6 19.Bg5 Rad8 20.Rfd1 h6 21.Bh4 Qb7 22.Qf3 Qxf3
23.Nxf3 Rc8 24.Ne3 g5 25.Bg3 Rfd8 26.Kf1 g4 27.Nd2 h5 28.Ke2 Rc6 29.Rdc1 Rdc8
30.Nb3 Bd8 31.Rxc6 Rxc6 32.Kd3 Nd5 33.Nxd5 exd5 34.Bf4 Rc4 35.Bd6 Rc6 36.Bxb4 Rf6
37.Rc1 Nb8 38.Rc8 Nc6 39.Bd2 Kg7 40.Be1 h4 41.Ke2 Be7 42.Bc3 h3 43.g3 Kg6
44.Nd2 Re6+ 45.Kd1 Nb4 46.Rg8+ Kh5 47.Rh8+ Kg6 48.Rg8+ Kh5  1/2-1/2

[Event "TCh-ESP Honor Gp1"]
[Site "Lugo ESP"]
[Date "2007.06.21"]
[Round "2"]
[White "Cifuentes Parada,R"]
[Black "Alsina Leal,D"]
[Result "1/2-1/2"]
[WhiteElo "2491"]
[BlackElo "2428"]

1.Nf3 d5 2.d4 Nf6 3.c4 c6 4.Nc3 e6 5.e3 Nbd7 6.Qc2 Bd6 7.b3 O-O 8.Be2 b6
9.O-O Bb7 10.Bb2 Qe7 11.Rad1 Rad8 12.Rfe1 Rfe8 13.Bd3 h6 14.e4 dxe4 15.Nxe4 Nxe4
16.Bxe4 Nf6 17.Bd3 Qc7 18.Qe2 c5 19.dxc5 Bxc5 20.Ne5 Qe7 21.h3 Bb4 22.Rf1 Bc5
23.Ng4 Nxg4 24.Qxg4 Qg5 25.Qxg5 hxg5 26.Bc2 Be7 27.Rfe1 Bb4 28.Re2 Rxd1+
29.Bxd1 Rd8 30.Bc2 Rd2 31.Rxd2 Bxd2 32.f3 f5 33.Kf2 Bf4 34.b4 Bd6 35.a3 Kf7
36.Bd4 Bc6 37.Bb3 e5 38.Bc3 Ke7 39.Ke2 g6 40.Bd2 Kf6 41.Bc2 Be7 42.Be3 Bd6
43.Bd2 Be7 44.Bc3 Bd6 45.a4 Bd7 46.Bd2 Be6 47.Bd3 Bd7 48.Bc2 Be6 49.Kd3 g4
50.hxg4 fxg4 51.Bd1 Bf5+ 52.Ke3 Bf8 53.Bc3 gxf3 54.Bxf3 Bd7 55.a5 bxa5 56.bxa5 Bc5+
57.Kd3 Bf5+ 58.Be4 a6 59.Bd2 Ke6 60.Bg5 Kd6 61.Bd8 Bd4 62.Bb6 Bc5 63.g4 Bxg4
64.Bxg6 Bd7 65.Be4 Bc6 66.Bd8 Bxe4+ 67.Kxe4 Bb4 68.Bb6 Bc3  1/2-1/2

[Event "III Perla Baltyku A"]
[Site "Mielno POL"]
[Date "2007.06.21"]
[Round "5"]
[White "Schmidt,Wl"]
[Black "Staniszewski,Pi"]
[Result "1/2-1/2"]
[WhiteElo "2415"]
[BlackElo "2402"]

1.d4 Nf6 2.c4 c6 3.Nc3 d5 4.e3 e6 5.Nf3 Nbd7 6.Bd3 Bb4 7.a3 Ba5 8.O-O O-O
9.Qc2 Qe7 10.Bd2 dxc4 11.Bxc4 e5 12.Nxe5 Nxe5 13.dxe5 Qxe5 14.f4 Qh5 15.Be2 Bf5
16.Qa4 Bg4 17.Bxg4 Nxg4 18.h3 Nf6 19.e4 Bb6+ 20.Kh1 Rad8 21.Qc2 Rd7 22.Rf3 Rfd8
23.Be1 Qc5 24.Bf2 Qc4 25.b3 Qe6 26.Be1 Bd4 27.e5 Nd5 28.Rc1 Ne3 29.Qe2 Qxb3
30.Rb1 Qe6 31.Rxe3 Bxe3 32.Qxe3 b6 33.Qe2 Qf5 34.Rb4 c5 35.Re4 Rd4 36.e6 Rxe4
37.exf7+ Qxf7 38.Nxe4 Re8 39.Bc3 h6 40.Be5 Rd8 41.Qg4 Kh7 42.Kh2 Rd3 43.f5 Qe7  1/2-1/2

[Event "III Perla Baltyku A"]
[Site "Mielno POL"]
[Date "2007.06.21"]
[Round "5"]
[White "Krzesaj,R"]
[Black "Sopur,L"]
[Result "1/2-1/2"]
[WhiteElo "2301"]
[BlackElo "2372"]

1.d4 c6 2.c4 d5 3.Nc3 Nf6 4.Nf3 e6 5.e3 Nbd7 6.Qc2 Bb4 7.Bd2 Qe7 8.Bd3 O-O
9.O-O Re8 10.a3 Bd6 11.e4 dxc4 12.Bxc4 e5 13.Be3 exd4 14.Bxd4 Ne5 15.Bxe5 Bxe5
16.Nxe5 Qxe5 17.h3 Qg5 18.Kh1 Qh4 19.Rfe1 Bxh3 20.gxh3 Qxh3+ 21.Kg1 Ng4 22.Rad1 Ne5
23.Re3 Nf3+ 24.Rxf3 Qxf3 25.Rd3 Qf4 26.Qd1 Rad8 27.Rd7 Rxd7 28.Qxd7 Qg5+
29.Kf1 Qe7 30.Qf5 g6 31.Qf3 Rf8 32.Qf4 b5 33.Ba2 b4 34.axb4 Qxb4 35.Qc7 Qb6
36.Qd7 Qxb2 37.Qxc6 Kg7 38.Qc7 Qb8 39.Qe7 Qd8 40.Qc5 Qd3+ 41.Kg2 Qd7 42.Bd5 Qg4+
43.Kf1 Qh3+ 44.Ke2 Rc8 45.Qd4+ f6 46.Kd2 Qh6+ 47.Kc2 Rc7 48.e5 Qg5 49.f4 fxe5
50.fxe5 Re7 51.e6+ Qf6 52.Qc5 Qf5+ 53.Kb3 Rxe6 54.Qxa7+ Qf7  1/2-1/2

[Event "CIQ"]
[Site "Quebec CAN"]
[Date "2007.06.21"]
[Round "1"]
[White "Masse,H"]
[Black "Voskanyan,V"]
[Result "0-1"]
[WhiteElo "2181"]
[BlackElo "2275"]

1.d4 d5 2.c4 c6 3.Nf3 Nf6 4.Nc3 e6 5.e3 Nbd7 6.Bd3 dxc4 7.Bxc4 b5 8.Bd3 b4
9.Ne4 Qb6 10.O-O c5 11.a3 Bb7 12.Nxf6+ gxf6 13.axb4 cxd4 14.Nxd4 Bxb4 15.Bd2 Bxd2
16.Qxd2 O-O 17.Rfc1 Rfc8 18.Rxc8+ Rxc8 19.Rc1 Rxc1+ 20.Qxc1 Nc5 21.Bc4 Be4
22.f3 Bd3 23.b3 Qa5 24.Bxd3 Nxd3 25.Qd1 Nc5 26.Ne2 Qb6 27.Nc1 Qb4 28.h3 Qc3
29.e4 Kg7 30.Kh2 a5 31.Kg3 Nxe4+ 32.Kh2 Nc5 33.Kg3 h5 34.Kh2 Qe3 35.Qc2 e5
36.Kh1 h4 37.Qc4 f5 38.Kh2 e4 39.fxe4 fxe4 40.Kh1 Ne6 41.Na2 Qd3 42.Qxd3 exd3
43.Kg1 Nc5 44.Kf2 Nxb3 45.Ke3 d2 46.Nc3 Kg6 47.Kd3 Kf5 48.Kc2 Nc5  0-1

[Event "ch-NED"]
[Site "Hilversum NED"]
[Date "2007.06.22"]
[Round "6"]
[White "Sokolov,Iv NED"]
[Black "L'Ami,E"]
[Result "1/2-1/2"]
[WhiteElo "2655"]
[BlackElo "2617"]

1.d4 d5 2.c4 c6 3.Nc3 Nf6 4.Nf3 e6 5.e3 Nbd7 6.Bd3 dxc4 7.Bxc4 b5 8.Bd3 Bb7
9.e4 b4 10.Nb1 c5 11.e5 Nd5 12.O-O cxd4 13.Nbd2 Be7 14.Nb3 O-O 15.Qe2 N5b6
16.Re1 Rc8 17.Bf4 Nc5 18.Nxc5 Rxc5 19.Nd2 g6 20.Rad1 Qa8 21.Ne4 Bxe4 22.Bxe4 Qc8
23.Rxd4 Rc4 24.Rdd1 Rd8 25.Rxd8+ Qxd8 26.g3 Bg5 27.Rd1 Qe7 28.b3 Rc7 29.Bxg5 Qxg5
30.Qd2 Qxd2 31.Rxd2 Kf8 32.f4 Ke7 33.Kf2 Nd7 34.Rc2 Rxc2+ 35.Bxc2 f6 36.exf6+ Nxf6
37.Kf3 Nd5 38.Ke4 Nc3+ 39.Kd4 Nxa2 40.Kc5 Kf6 41.Bb1 Nc3 42.Bd3 a5 43.Kb6 a4
44.bxa4 Nxa4+ 45.Kb5 Nc3+ 46.Kxb4 Nd5+  1/2-1/2

[Event "IV Open"]
[Site "Sanxenxo ESP"]
[Date "2007.06.22"]
[Round "7"]
[White "Ramesh,R"]
[Black "Ferrol Muniz,M"]
[Result "1-0"]
[WhiteElo "2453"]
[BlackElo "1993"]

1.d4 d5 2.Nf3 Nf6 3.c4 c6 4.Nc3 e6 5.e3 Nbd7 6.Qc2 Be7 7.b3 Nf8 8.Bd3 Ng6
9.h4 c5 10.h5 Nf8 11.h6 g6 12.Bb2 cxd4 13.exd4 Rg8 14.O-O dxc4 15.bxc4 b6
16.Rfe1 Bb7 17.d5 a6 18.Rad1 Qc7 19.Qa4+ N6d7 20.Ne5 O-O-O 21.Nxf7 Nc5 22.Qc2 Re8
23.Ne4 Nxe4 24.Bxe4 exd5 25.Bxd5 Bxd5 26.Rxd5 Nd7 27.Qe4 Rgf8 28.Rxd7 Qxd7
29.Qa8+ Kc7 30.Be5+ Bd6 31.Bxd6+ Qxd6 32.Qb7+  1-0

[Event "III EUICC"]
[Site "Arvier ITA"]
[Date "2007.06.23"]
[Round "9"]
[White "Bruno,Fabi"]
[Black "Baburin,A"]
[Result "0-1"]
[WhiteElo "2428"]
[BlackElo "2545"]

1.d4 d5 2.Nf3 Nf6 3.c4 e6 4.Nc3 c6 5.e3 a6 6.Bd3 dxc4 7.Bxc4 c5 8.O-O b5
9.Bb3 Bb7 10.Qe2 Nbd7 11.Rd1 Qb6 12.d5 Nxd5 13.Bxd5 Bxd5 14.Nxd5 exd5 15.Rxd5 Be7
16.e4 Qb7 17.Bg5 f6 18.Bf4 O-O 19.Re1 Rfe8 20.Rh5 c4 21.b3 Bb4 22.Nd2 c3
23.Nf1 c2 24.Bd2 Rxe4 25.Ne3 Rc8 26.Rf1 Ne5 27.Bc1 Qd7 28.a3 Bf8 29.f3 Rxe3
30.Bxe3 Bxa3 31.f4 Nd3 32.Qf3 c1=Q 33.Bxc1 Nxc1 34.Rd5 Qe6 35.Rdd1 Nxb3 36.Rfe1 Qf7
37.Qh3 f5 38.Re5 g6 39.Red5 Bc5+ 40.Kh1 Nd4 41.Re5 Bf8 42.Qe3 Nb3 43.h3 Nc5
44.Rc1 a5 45.Kh2 Qc7 46.Rd5 Qc6 47.Qe5 a4 48.g4 Re8 49.Qd4 Re4 50.Qd2 Re2+  0-1

[Event "ch-NED"]
[Site "Hilversum NED"]
[Date "2007.06.23"]
[Round "7"]
[White "L'Ami,E"]
[Black "Stellwagen,D"]
[Result "1/2-1/2"]
[WhiteElo "2617"]
[BlackElo "2600"]

1.d4 d5 2.c4 c6 3.Nc3 Nf6 4.e3 e6 5.Nf3 Nbd7 6.Bd3 dxc4 7.Bxc4 b5 8.Bd3 Bb7
9.e4 b4 10.Na4 c5 11.e5 Nd5 12.Nxc5 Nxc5 13.dxc5 Bxc5 14.O-O Rc8 15.Qe2 h6
16.Bd2 Qb6 17.Rac1 Ke7 18.Qe4 Ne3 19.Qh4+ g5 20.Nxg5 Nxg2 21.Qh5 Rcf8 22.Rxc5 Qxc5
23.Rc1 Qb6 24.Be4 hxg5 25.Bxg5+ Ke8 26.Qd1 Rfg8 27.Rc8+ Bxc8 28.Bc6+ Kf8
29.Be7+ Kg7 30.Qg4+ Kh6 31.Bf8+ Rxf8 32.Qh3+ Kg5 33.Qxg2+ Kf5 34.Qe4+ Kg5
35.Qg2+ Kf5  1/2-1/2

[Event "TCh-ESP Honor Gp1"]
[Site "Lugo ESP"]
[Date "2007.06.24"]
[Round "5"]
[White "Cifuentes Parada,R"]
[Black "Bellon Lopez,JuM"]
[Result "0-1"]
[WhiteElo "2491"]
[BlackElo "2425"]

1.Nf3 d5 2.d4 e6 3.c4 Nf6 4.Nc3 c6 5.e3 Nbd7 6.Bd3 dxc4 7.Bxc4 Bd6 8.Qc2 O-O
9.O-O Qe7 10.a3 b6 11.Rd1 Bb7 12.e4 e5 13.d5 cxd5 14.Nxd5 Bxd5 15.Bxd5 Rac8
16.Qe2 Nxd5 17.Rxd5 Nc5 18.Bg5 f6 19.Rad1 fxg5 20.Rxd6 g4 21.Ne1 Qf7 22.Nd3 Qc4
23.Qxg4 Qxe4 24.Qxe4 Nxe4 25.Rd5 Rfd8 26.Rxd8+ Rxd8 27.Kf1 Rd5 28.Ke2 Kf7
29.Rc1 Nc5 30.Nxc5 bxc5 31.Rc3 Ke6 32.Rh3 h6 33.Rg3 Rd7 34.Rb3 h5 35.h4 g6
36.Rb5 Kd6 37.b3 Kc6 38.Rb8 Kd5 39.Kd3 Rd6 40.f3 Ra6 41.a4 Rd6 42.Kc3 Rf6
43.Rd8+ Kc6 44.Ra8 Rf7 45.Rg8 Rf6 46.Rg7 a6 47.Rg8 Kd5 48.a5 Kc6 49.Rb8 Kd5
50.Kd3 Rd6 51.Ke3 Rf6 52.g3 Rd6 53.Rc8 Rd7 54.Rb8 Rd6 55.Kd3 Rf6 56.Ke3 Rd6
57.Rf8 Re6 58.Ra8 Rd6 59.g4 hxg4 60.fxg4 Rf6 61.Rd8+ Ke6 62.Rb8 Rf4 63.Rb6+ Kf7
64.g5 Rxh4 65.Rxa6 Rh3+ 66.Ke4 Rxb3 67.Kxe5 Re3+ 68.Kd5 Rd3+ 69.Kxc5 Rg3
70.Rc6 Rxg5+ 71.Kb6 Rg1 72.a6 Rb1+ 73.Kc7 Ra1 74.Kb7  0-1

[Event "TCh-ESP Honor Gp1"]
[Site "Lugo ESP"]
[Date "2007.06.24"]
[Round "5"]
[White "Hracek,Z"]
[Black "Alsina Leal,D"]
[Result "1/2-1/2"]
[WhiteElo "2613"]
[BlackElo "2428"]

1.d4 d5 2.c4 c6 3.Nc3 Nf6 4.e3 e6 5.Nf3 Nbd7 6.b3 Bb4 7.Bd2 O-O 8.Bd3 Qe7
9.O-O b6 10.Qe1 Bb7 11.Nxd5 Nxd5 12.cxd5 Bxd2 13.Qxd2 cxd5 14.b4 Rfc8 15.Rfc1 Rxc1+
16.Rxc1 Qd8 17.h3 Rc8 18.b5 f6 19.Rxc8 Bxc8 20.Qc2 Nf8 21.e4 dxe4 22.Bxe4 a6
23.bxa6 Bxa6 24.Qc6 Be2 25.d5 f5 26.Nd4  1/2-1/2

[Event "IV Open"]
[Site "Sanxenxo ESP"]
[Date "2007.06.24"]
[Round "9"]
[White "Malakhatko,V"]
[Black "Graf,A"]
[Result "1/2-1/2"]
[WhiteElo "2598"]
[BlackElo "2620"]

1.d4 d5 2.c4 c6 3.Nc3 Nf6 4.e3 e6 5.Nf3 Nbd7 6.Bd3 Bd6 7.O-O O-O 8.e4 dxc4
9.Bxc4 e5 10.h3 Qe7  1/2-1/2

[Event "CIQ"]
[Site "Quebec CAN"]
[Date "2007.06.25"]
[Round "5"]
[White "Luksza,A"]
[Black "Voloaca,M"]
[Result "1-0"]
[WhiteElo "2141"]
[BlackElo "2228"]

1.d4 d5 2.c4 e6 3.Nf3 c6 4.e3 Nf6 5.Nc3 Nbd7 6.Qc2 Bd6 7.b3 O-O 8.Be2 a6
9.O-O e5 10.cxd5 cxd5 11.dxe5 Nxe5 12.Bb2 Be6 13.Rac1 Rc8 14.Qd1 Qe7 15.Qd4 Ng6
16.h3 Bc5 17.Qd3 Ba7 18.Rfd1 Rfd8 19.Qb1 Qd6 20.Bd3 Bb8 21.Ne2 Qe7 22.Qa1 Ne8
23.Ned4 Nd6 24.Nxe6 fxe6 25.Bxg6 hxg6 26.Ne5 Qg5 27.Ng4 Ne8 28.Bd4 Kh7 29.Qb2 Bd6
30.f4 Qf5 31.Qf2 g5 32.Bb6 Rxc1 33.Rxc1 Rd7 34.fxg5 Qxg5 35.Qc2+ Qg6 36.Qc8 Rf7
37.Bd4 Nf6 38.Bxf6 Rxf6 39.Nxf6+ Qxf6 40.Qc3 Qg5 41.Qd3+ Kh6 42.Rc8 Qg3 43.Rh8+ Kg5
44.Qe2 Bc5 45.Qh5+ Kf6 46.Qf3+ Qxf3 47.gxf3 Bxe3+ 48.Kf1 g5 49.Ke2 Bc5 50.Ra8 Ke5
51.Rc8 b6 52.Rc6 a5 53.Rc7 Kd4 54.Rg7 Kc3 55.Rxg5 Kb2 56.Kd3 Kxa2 57.Kc2 b5
58.Rg8 Ka3 59.h4 d4 60.h5 d3+ 61.Kxd3 Kxb3 62.h6 Ba3 63.Rg5 Kb4 64.Kc2  1-0

[Event "ch-NED"]
[Site "Hilversum NED"]
[Date "2007.06.27"]
[Round "10"]
[White "Dambacher,M"]
[Black "L'Ami,E"]
[Result "0-1"]
[WhiteElo "2466"]
[BlackElo "2617"]

1.d4 d5 2.c4 c6 3.Nc3 Nf6 4.e3 e6 5.Nf3 Nbd7 6.Bd3 dxc4 7.Bxc4 b5 8.Bd3 Bb7
9.O-O a6 10.a4 b4 11.Ne4 c5 12.Ned2 cxd4 13.exd4 Be7 14.Qe2 O-O 15.Nc4 a5
16.Bf4 Nd5 17.Bg3 N5b6 18.Nd6 Bxd6 19.Bxd6 Re8 20.Bb5 Qf6 21.Ne5 Nxe5 22.dxe5 Qg6
23.f4 Rec8 24.Bd3 Qh6 25.f5 Nd5 26.fxe6 fxe6 27.Qf3 Qe3+ 28.Rf2 Qxf3 29.Rxf3 Nb6
30.Rf4 Bd5 31.Rf2 Nc4 32.Bxc4 Rxc4 33.Raf1 h6 34.Rf8+ Rxf8 35.Rxf8+ Kh7 36.g3 b3
37.Rf4 Rc2 38.Rf2 Bc4 39.Kg2 Rc1 40.g4 Bd5+ 41.Kg3 Ra1 42.Rf7 Ra2 43.Rd7 Rxb2
44.Bf8 Rg2+ 45.Kh3 Kg8 46.Bxg7 Bc6  0-1

[Event "Open"]
[Site "Pula CRO"]
[Date "2007.06.28"]
[Round "7"]
[White "Martinovic,Sa"]
[Black "Papp,T1"]
[Result "1/2-1/2"]
[WhiteElo "2400"]
[BlackElo "2259"]

1.d4 d5 2.c4 e6 3.Nc3 c6 4.e3 Nf6 5.Nf3 Nbd7 6.Qc2 Bd6 7.g4 Nxg4 8.Rg1 h5
9.h3 Qf6 10.hxg4 Qxf3 11.Be2 Qh3 12.gxh5 Nf6 13.Bd2 Nxh5 14.O-O-O Bh2 15.Rg5 Bd6
16.Rdg1 Bd7 17.Qd1 Nf6 18.Bf3 Qh7 19.Rxg7 Qd3 20.Be2 Qf5 21.Qb3 b6 22.f3 Bf8
23.R7g5 Qh7 24.a4 Rc8 25.Qc2 Qxc2+ 26.Kxc2 c5  1/2-1/2

[Event "Asian Youth GU18"]
[Site "Tashkent UZB"]
[Date "2007.06.29"]
[Round "2"]
[White "Gevorgyan,I"]
[Black "Muminova,N"]
[Result "0-1"]
[WhiteElo "2085"]
[BlackElo "2138"]

1.Nf3 e6 2.c4 Nf6 3.Nc3 d5 4.d4 c6 5.e3 Be7 6.b3 O-O 7.Bd3 Nbd7 8.O-O b6
9.Bb2 Bb7 10.e4 dxe4 11.Nxe4 Qc7 12.Qe2 c5 13.dxc5 Nxe4 14.Bxe4 Nxc5 15.Bxb7 Qxb7
16.Rad1 Rfd8 17.h3 Qe4 18.Qxe4 Nxe4 19.Bd4 Bb4 20.Rd3 Rd6 21.Re3 Nd2 22.Nxd2 Rxd4
23.Nf3 Rd6 24.g3 f6 25.Ra1 Ba3 26.Kf1 Rad8 27.Ke2 Kf7 28.Rb1 a5 29.Rc3 e5
30.Rc2 Bb4 31.Rbc1 Ke6 32.Kf1 Rd3 33.Kg2 Rd1 34.Rxd1 Rxd1 35.Nh2 Rd2 36.Rxd2 Bxd2
37.Kf1 Kd6 38.Ke2 Bc3 39.Nf1 Bd4 40.f3 Kc5 41.Kd3 Kb4 42.g4 Ka3 43.Ng3 Kxa2
44.Kc2 Bc5 45.Ne2 Ka3 46.Nc3 Bd4 47.Nd5 Bf2 48.Kc3 Bd4+ 49.Kc2 Bg1 50.Kc3 Bf2
51.Kc2 Bd4  0-1

[Event "Tespo Engineering"]
[Site "Brno CZE"]
[Date "2007.06.30"]
[Round "2"]
[White "Polak,T"]
[Black "Radovanovic,J"]
[Result "1/2-1/2"]
[WhiteElo "2510"]
[BlackElo "2362"]

1.d4 d5 2.c4 c6 3.Nc3 Nf6 4.e3 e6 5.Nf3 Nbd7 6.Qc2 Bd6 7.e4 dxe4 8.Nxe4 Nxe4
9.Qxe4 Bb4+ 10.Bd2 Bxd2+ 11.Nxd2 c5 12.dxc5 Qc7 13.Be2 Nxc5 14.Qe3 e5 15.f4 O-O
16.fxe5 Re8 17.Nf3 Qa5+ 18.Qd2 Qb6 19.O-O-O Bf5 20.Qe3 Rac8 21.Rhe1 Qa6 22.Nd4 Be4
23.Bf1 Qxa2 24.Qa3 Qxa3 25.bxa3 Rxe5 26.Nb5 Ra8 27.Nxa7 f5 28.Nb5 g5 29.Rd6 Rae8
30.Nc3 Bc6 31.Rxe5 Rxe5 32.Kd2 Kf7 33.g3 f4 34.gxf4 gxf4 35.Rh6 Kg7 36.Rh4 f3
37.Rf4 Kg6 38.Nd5 Bxd5 39.cxd5 Rxd5+ 40.Ke3 Rf5 41.Kxf3 Rxf4+ 42.Kxf4 Kf6
43.Bc4 h6 44.h4 Kg6 45.Ke5 Kh5 46.Kd6 Na4 47.Kc7 Nb2 48.Bf7+ Kxh4 49.Kxb7 Kg5
50.Kc6 Kf6 51.Be8 Ke7 52.Bh5 Ke6 53.Kb5 Kd6 54.Be2 Kc7  1/2-1/2

[Event "35th World Open"]
[Site "King of Prussia USA"]
[Date "2007.06.30"]
[Round "2"]
[White "Perelshteyn,E"]
[Black "Ludwig,D"]
[Result "1-0"]
[WhiteElo "2531"]
[BlackElo "2373"]

1.d4 d5 2.c4 c6 3.Nc3 Nf6 4.e3 e6 5.Nf3 Nbd7 6.Qc2 Bd6 7.g4 dxc4 8.Bxc4 Nd5
9.Bd2 Qe7 10.Ne4 Bc7 11.g5 f5 12.gxf6 N7xf6 13.Rg1 O-O 14.O-O-O Kh8 15.Neg5 g6
16.Ne5 Bd7 17.Nxh7 Qxh7 18.Nxg6+ Kg8 19.Bd3  1-0

[Event "35th World Open"]
[Site "King of Prussia USA"]
[Date "2007.06.30"]
[Round "2"]
[White "Aramil,W"]
[Black "Sarkar,J"]
[Result "1-0"]
[WhiteElo "2222"]
[BlackElo "2418"]

1.d4 d5 2.c4 c6 3.Nf3 Nf6 4.Nc3 e6 5.e3 Nbd7 6.Qc2 Bd6 7.g4 h6 8.Bd2 dxc4
9.Bxc4 b5 10.Bd3 Bb7 11.Rg1 Rc8 12.h4 b4 13.Ne4 Nxe4 14.Bxe4 Qb6 15.g5 hxg5
16.Nxg5 Nf8 17.h5 Ke7 18.Rc1 Ba6 19.Qd1 Qb5 20.Qf3 Bh2 21.Rc5 Qe2+ 22.Qxe2 Bxe2
23.Rh1 Bd6 24.Kxe2 Bxc5 25.dxc5 a5 26.Bf3 Nd7 27.a3 bxa3 28.bxa3 Nxc5 29.Bxa5 Nb3
30.Bc3 f6 31.Ne4 c5 32.Rg1 Rhg8 33.Nd2 c4 34.Be4 Nc5 35.Bh7 Na4 36.Bb4+  1-0

[Event "White Nights"]
[Site "St Petersburg RUS"]
[Date "2007.06.30"]
[Round "6"]
[White "Gavrikov,Vi2"]
[Black "Kudriavtsev,Y"]
[Result "0-1"]
[WhiteElo "1735"]
[BlackElo "1937"]

1.c4 e6 2.Nc3 d5 3.e3 Nf6 4.d4 c6 5.Nf3 Nbd7 6.Bd3 a6 7.a4 b6 8.O-O Bb7 9.Qb3 dxc4
10.Bxc4 b5 11.Bd3 b4 12.Ne2 a5 13.e4 Be7 14.e5 Nd5 15.Nd2 O-O 16.f4 c5 17.Nf3 cxd4
18.Nfxd4 Nc5 19.Qd1 Qb6 20.Bb1 Rfd8 21.Kh1 Rac8 22.b3 Ba6 23.Rf3 Bxe2 24.Qxe2 Nc3
25.Bxh7+ Kf8 26.Qf2 Nxb3 27.Be3 Nxa1 28.Nxe6+ Qxe6 29.f5 Rd1+ 30.Qg1 Rxg1+
31.Bxg1 Qxe5 32.Re3 Qf6 33.Rh3 Ne2 34.Bg6 fxg6 35.Rh8+ Kf7 36.Rxc8 Nb3 37.fxg6+ Kxg6
38.Rc4 Qf1 39.Rg4+ Bg5 40.Rxg5+ Kxg5  0-1

[Event "White Nights"]
[Site "St Petersburg RUS"]
[Date "2007.06.30"]
[Round "6"]
[White "Karasev,V"]
[Black "Yevseev,D"]
[Result "0-1"]
[WhiteElo "2376"]
[BlackElo "2525"]

1.d4 d5 2.c4 e6 3.Nf3 Nf6 4.Nc3 c6 5.e3 Nbd7 6.Bd3 dxc4 7.Bxc4 b5 8.Bd3 Bb7
9.O-O a6 10.a4 Be7 11.axb5 axb5 12.Rxa8 Qxa8 13.Ne5 O-O 14.Nxd7 Nxd7 15.Qc2 h6
16.f4 b4 17.Na4 c5 18.Bb5 Bc6 19.Bxc6 Qxc6 20.dxc5 Nxc5 21.Nxc5 Bxc5 22.Kh1 Rd8
23.b3 Qd5 24.Re1 Be7 25.h3 Qd3 26.Qa2 Bh4 27.Rg1 Bg3 28.e4 Qxe4 29.Qa7 Rd3
30.Qa4 Bf2  0-1

[Event "ch-SWE"]
[Site "Stockholm SWE"]
[Date "2007.06.30"]
[Round "1"]
[White "Akesson,R"]
[Black "Smith,Ax"]
[Result "1/2-1/2"]
[WhiteElo "2478"]
[BlackElo "2251"]

1.d4 d5 2.c4 c6 3.Nc3 Nf6 4.e3 e6 5.Nf3 Nbd7 6.Bd3 dxc4 7.Bxc4 b5 8.Bd3 a6
9.e4 c5 10.d5 c4 11.Bc2 Qc7 12.O-O Bb7 13.dxe6 fxe6 14.Nd4 Nc5 15.Be3 O-O-O
16.Qe2 e5 17.Nf5 Ne6 18.Rfd1 Bc5 19.Nd5 Bxd5 20.exd5 Nxd5 21.Bxc5 Nxc5 22.a4 g6
23.axb5 gxf5 24.bxa6 Kb8 25.Qxc4 Nb6 26.Qb5 Rxd1+ 27.Rxd1 e4 28.Rd5 Ne6 29.Rxf5 Ka7
30.Qb3 Rc8 31.Qxe6 Qxc2 32.g3 Kxa6 33.Rf6 Qb1+ 34.Kg2 Rb8 35.Qd6 Qxb2 36.Re6 Ka7
37.Rxe4 Qb5 38.Qf4 Qd5 39.Qf3 Rf8 40.Re7+ Ka6 41.Qxd5 Nxd5 42.Rxh7 Kb6 43.h4 Kc5
44.h5 Nf6 45.Rg7 Rh8 46.g4 Kd6 47.h6 Nxg4 48.Rxg4 Rxh6 49.Re4 Rg6+ 50.Kf3 Rf6+
51.Kg3 Rg6+ 52.Kh4 Kd5 53.f3 Rg8 54.Re7 Rh8+ 55.Kg5 Rg8+ 56.Kf4 Rf8+ 57.Kg3 Rg8+
58.Kf2  1/2-1/2

[Event "Open A"]
[Site "Klatovy CZE"]
[Date "2007.07.01"]
[Round "2"]
[White "Cekan,P"]
[Black "Krejci,Jan2"]
[Result "0-1"]
[WhiteElo "1972"]
[BlackElo "2193"]

1.d4 d5 2.c4 c6 3.Nf3 Nf6 4.Nc3 e6 5.e3 Nbd7 6.Bd3 dxc4 7.Bxc4 b5 8.Bd3 Bb7
9.O-O a6 10.e4 c5 11.d5 c4 12.Bc2 Qc7 13.dxe6 fxe6 14.Ng5 Qc6 15.Qf3 Nc5
16.Qh3 h6 17.f3 e5 18.Be3 Rg8 19.Qf5 hxg5 20.Qxe5+ Ne6 21.Nd5 Bc5 22.Nc7+ Qxc7
23.Qxe6+ Qe7 24.Qxe7+ Bxe7 25.Bxg5 Nd5 26.exd5 Bxg5 27.Bg6+ Kd7 28.Rfe1 Bf6
29.Re2 Bxd5 30.Rd1 Kc6 31.f4 Rad8 32.Red2 Be6 33.Kf2 Rxd2+ 34.Rxd2 Rd8 35.Re2 Bg4
36.Be4+ Kc5 37.Bf3 Bxf3 38.Kxf3 Rd1 39.g4 Rb1 40.g5 Bxb2 41.h4 Bd4 42.f5 c3
43.h5 Rb2 44.f6 Rxe2 45.Kxe2 gxf6 46.g6 f5 47.h6 c2 48.g7 c1=Q 49.g8=Q Qe3+
50.Kd1 Qg1+ 51.Qxg1 Bxg1  0-1

[Event "White Nights"]
[Site "St Petersburg RUS"]
[Date "2007.07.01"]
[Round "7"]
[White "Averjanov,S"]
[Black "Chekmenev,V"]
[Result "1/2-1/2"]
[WhiteElo "2090"]
[BlackElo "1854"]

1.d4 d5 2.c4 c6 3.Nf3 Nf6 4.Nc3 e6 5.e3 Nbd7 6.Qc2 Qa5 7.Bd2 a6 8.Nxd5 Qd8
9.Nc3 b5 10.b3 Bb7 11.Be2 b4 12.Na4 c5 13.O-O a5 14.Rad1 Qc7 15.dxc5 Nxc5
16.Nxc5 Bxc5 17.Nd4 O-O 18.Bf3 Ra6 19.Nb5 Qb8 20.e4 Bc6 21.Bg5 Qe5 22.Bxf6 Qxf6
23.Rfe1 Qf4 24.Qd2 Qb8 25.e5 Bxb5 26.cxb5 Ra7 27.Bc6 Rc7 28.Kh1 Rcc8 29.f4 Rfd8
30.Qe2 Rxd1 31.Rxd1 Rd8 32.g3 Rd4 33.Rxd4 Bxd4 34.Kg2 g6 35.Kf3 Qd8 36.Qd3 Bb6
37.Qxd8+ Bxd8 38.g4 Kf8 39.f5 g5 40.Ke4 Bb6 41.h3 Ke7 42.f6+ Kd8 43.Kd3 h6
44.Kc4 Bf2 45.Be4 Bb6 46.Kd3 Bf2 47.Bb7 Kc7 48.Be4 Kd8 49.Kc4 Bb6 50.Bh7 Ke8
51.Be4 Kd8  1/2-1/2

[Event "Asian Youth GU18"]
[Site "Tashkent UZB"]
[Date "2007.07.01"]
[Round "4"]
[White "Hamrakulova,Y"]
[Black "Danilyuk,O"]
[Result "1/2-1/2"]
[WhiteElo "2182"]
[BlackElo "2075"]

1.d4 Nf6 2.Nf3 e6 3.c4 d5 4.Nc3 c6 5.e3 Nbd7 6.Bd3 dxc4 7.Bxc4 b5 8.Bd3 Bb7
9.e4 a6 10.e5 Nd5 11.Nxd5 cxd5 12.O-O Be7 13.Bd2 O-O 14.Qe1 Nb8 15.Ba5 Qd7
16.a3 Nc6 17.Bc3 f5 18.Nd2 b4 19.axb4 Nxb4 20.Bxb4 Bxb4 21.Qe2 Qc6 22.Nb3 Qb6
23.Rfc1 Rfc8 24.Rxc8+ Bxc8 25.Rc1 Bb7 26.h3 Rf8 27.Kh2 Rf7 28.Rc2 a5 29.Nc5 Rc7
30.Qe3 Bxc5 31.dxc5 Qc6 32.Qd4 Ba6 33.Bxa6 Qxa6 34.Qa4 Rc6 35.Rc3 h6 36.f4 Kf7
37.Qa3  1/2-1/2

[Event "Summer GM"]
[Site "Lugansk UKR"]
[Date "2007.07.02"]
[Round "2"]
[White "Pushkov,N"]
[Black "Blednov,S"]
[Result "1-0"]
[WhiteElo "2513"]
[BlackElo "2301"]

1.d4 d5 2.c4 c6 3.Nf3 Nf6 4.Nc3 e6 5.e3 Nbd7 6.Qc2 Bd6 7.Bd3 O-O 8.O-O dxc4
9.Bxc4 Qe7 10.Rd1 b5 11.Be2 Bb7 12.a4 a6 13.e4 e5 14.Bg5 h6 15.Bh4 Rfe8 16.d5 Rac8
17.axb5 cxb5 18.Qb1 Nc5 19.b4 Ncd7 20.Qb3 Nb6 21.Nd2 Rc7 22.Rdc1 Rec8 23.f3 g5
24.Bf2 Nfd7 25.Rab1 Nc4 26.Nxc4 bxc4 27.Qa4 Kg7 28.b5 Nc5 29.Qxc4 axb5 30.Qxb5 Ba6
31.Qa5 Bxe2 32.Nxe2 Nd3 33.Rxc7 Qxc7 34.Qxc7 Rxc7 35.Ng3 Nxf2 36.Nf5+ Kg6
37.Nxd6 Nd3 38.Nf5 Nf4 39.d6 Rc2 40.d7 Rd2 41.Rb6+ Ne6 42.Ne7+ Kg7 43.Rxe6 fxe6
44.Nd5  1-0

[Event "ch-BEL Expert"]
[Site "Namur BEL"]
[Date "2007.07.02"]
[Round "3"]
[White "Vandevoort,P"]
[Black "Duric,S"]
[Result "1-0"]
[WhiteElo "2385"]
[BlackElo "2214"]

1.d4 d5 2.c4 c6 3.Nc3 Nf6 4.e3 e6 5.Nf3 Nbd7 6.Qc2 Bd6 7.g4 dxc4 8.Bxc4 Qe7
9.Bd2 h6 10.O-O-O b5 11.Be2 Bb7 12.e4 Bb4 13.Rhg1 Bxc3 14.Bxc3 b4 15.Bd2 c5
16.d5 exd5 17.exd5 Qd6 18.Nh4 Bxd5 19.Nf5 Qc6 20.Bb5 Qc7 21.Nxg7+ Kf8 22.Nf5 Rb8
23.Bxd7 Nxd7 24.Be3 Be6 25.Qd2 c4 26.Bxh6+ Rxh6 27.Qxh6+ Ke8 28.Rge1 Nf8  1-0

[Event "White Nights"]
[Site "St Petersburg RUS"]
[Date "2007.07.02"]
[Round "8"]
[White "Khuseinkhodzhaev,M"]
[Black "Orlov,O2"]
[Result "1-0"]
[WhiteElo "2310"]
[BlackElo "2220"]

1.d4 c6 2.c4 d5 3.Nf3 e6 4.e3 Nf6 5.Nc3 Nbd7 6.Qc2 Bd6 7.Bd3 dxc4 8.Bxc4 b5
9.Bd3 Bb7 10.O-O a6 11.e4 e5 12.Rd1 Qc7 13.h3 Rc8 14.Bg5 exd4 15.Nxd4 Bh2+
16.Kh1 Bf4 17.Bxf4 Qxf4 18.Nf5 O-O 19.Ne7+ Kh8 20.Nxc8 Rxc8 21.Qd2 Qh4 22.f3 Ne5
23.Bf1 Re8 24.Ne2 c5 25.Qf4 Qf2 26.Qg3 Qe3 27.Nc3 b4 28.Re1 Nh5 29.Qxe5  1-0

[Event "White Nights"]
[Site "St Petersburg RUS"]
[Date "2007.07.02"]
[Round "8"]
[White "Chuvakov,N"]
[Black "Averjanov,S"]
[Result "1-0"]
[WhiteElo "1835"]
[BlackElo "2090"]

1.d4 d5 2.c4 c6 3.e3 Nf6 4.Nc3 e6 5.Nf3 Nbd7 6.a3 Bd6 7.Qc2 O-O 8.b3 e5 9.dxe5 Nxe5
10.Be2 Re8 11.O-O Qe7 12.Bb2 Bg4 13.Nd4 Bxe2 14.Ncxe2 g6 15.Ng3 h5 16.h3 h4
17.f4 hxg3 18.fxe5 Bxe5 19.Rf3 Ne4 20.Raf1 Nf2 21.Bc3 f5 22.cxd5 cxd5 23.Bb4 Qd7
24.Qb1 Rac8 25.Be1 Ne4 26.a4 a6 27.Bb4 b6 28.a5 b5 29.Qd1 Nf2 30.Qb1 Ne4
31.Qd1 Rc7 32.Nxf5 gxf5 33.Rxf5 Qe6 34.Qg4+ Bg7 35.Rf8+ Kh7 36.Qh5+ Qh6 37.Qf5+ Qg6
38.Qxg6+ Kxg6 39.Rxe8 Bh6 40.Re1  1-0

[Event "South African Open"]
[Site "Cape Town RSA"]
[Date "2007.07.03"]
[Round "7"]
[White "Solomon,K"]
[Black "Dole,A"]
[Result "1-0"]
[WhiteElo "2320"]
[BlackElo "1760"]

1.d4 d5 2.Nf3 Nf6 3.c4 c6 4.e3 e6 5.Nc3 Nbd7 6.Bd3 dxc4 7.Bxc4 b5 8.Bd3 Bb7
9.e4 b4 10.Na4 Be7 11.e5 Nd5 12.O-O Rc8 13.Bd2 c5 14.dxc5 Nxc5 15.Nxc5 Bxc5
16.Rc1 Qb6 17.Ng5 Ne7 18.Qh5 g6 19.Qh6 Nf5 20.Bxf5 Bf8 21.Rxc8+ Bxc8 22.Qh4 exf5
23.Rc1 Ba6 24.Nxh7 Rxh7 25.Qxh7 Qd4 26.e6 fxe6 27.Qxg6+  1-0